|
|
|
|
| LEADER |
00000nam a22000007a 4500 |
| 005 |
20151013150931.0 |
| 007 |
cr|||| ||u| |
| 008 |
151013s2010 mx ||||| |||| 00||0 spa d |
| 020 |
|
|
|a 978-607-8359-45-5
|
| 035 |
|
|
|a 12879
|
| 040 |
|
|
|a vLex
|
| 090 |
|
|
|c 5596
|d 5596
|
| 100 |
1 |
|
|a Vivanco Florido, Jess︢ Salvador
|
| 245 |
1 |
2 |
|a La cultura organizacional
|h [Recurso electrn̤ico] :
|b Una oportunidad de x̌ito para las micro y pequeąs empresas de la confeccin̤: el caso de Aguascalientes /
|c Universidad Autn̤oma de Aguas Calientes
|
| 256 |
|
|
|a Servicio en ln̕ea
|
| 260 |
|
|
|a Mx̌ico
|b Universidad Autn̤oma de Aguas Calientes
|c 2010
|
| 300 |
|
|
|a 1 recurso electrn̤ico (152 p.)
|
| 506 |
|
|
|a Contenido solo disponible en los productos indicados
|d vLex Global
|d vLex Global (Academic Edition, excluding Law Schools)
|d vLex Global (U.S. Academic Edition, Law Schools)
|d vLex Global (U.S. Academic Edition, excluding Law Schools)
|d vLex Global (Academic Edition, Law Schools)
|
| 650 |
0 |
4 |
|a Cultura organizacional
|z Mx̌ico
|
| 740 |
0 |
|
|a vLex libros (servicio en ln̕ea)
|
| 856 |
4 |
0 |
|u http://vlex.com/source/cultura-organizacional-12879
|z Acceso restringido
|
| 942 |
|
|
|c BOOK
|
| 999 |
0 |
|
|a Corporate culture
|